000 00350nam a22001217a 4500
082 _a823
_bBLY/S
100 _aBLYTON, ENID
245 _aTHE SECRET SEVEN: GOOD WORK SECRET SEVEN
246 _aTHE SECRET SEVEN: GOOD WORK SECRET SEVEN
_bTHE SECRET SEVEN: GOOD WORK SECRET SEVEN
260 _aLONDON
_bHODDER CHILDREN
_c1988
300 _a122
942 _cBK
999 _c8471
_d8471